| 000 | 00826nmc a2200289 a 4500 | ||
|---|---|---|---|
| 003 | AR-Y00000XR | ||
| 005 | 20251128211940.0 | ||
| 008 | 167020s2006 ||||||||||||||000 | spa|| | ||
| 020 | _a950-00-0535-2 | ||
| 040 | _cAR-Y00000XR | ||
| 100 | 1 | _aGay, Aquiles | |
| 245 | 1 | 0 | _aMáquina de vapor |
| 250 | _a1ª ed. | ||
| 260 |
_aBuenos Aires _bMinisterio de Educación, Ciencia y Tecnología. INET _c2006 |
||
| 300 | 1 |
_a64, xxiii p. _bil. |
|
| 490 | 0 |
_aRecursos didácticos _v26 |
|
| 650 | 4 | _aFORMACION PROFESIONAL | |
| 653 | 0 | _aEDUCACION TECNOLOGICA | |
| 653 | 0 | _aENSENANZA DE LA TECNOLOGIA | |
| 653 | 0 | _aPROYECTOS CURRICULARES | |
| 653 | 0 | _aCONTENIDOS CURRICULARES | |
| 653 | 0 | _aPROYECTOS TECNOLOGICOS | |
| 653 | 0 | _aCAPACITACION DOCENTE | |
| 700 | 1 | _aDovis, Sebastián | |
| 942 | _cBK | ||
| 998 | _cme-solo cat | ||
| 999 |
_c21751 _d21751 |
||